000
00350 a2200169 4500
001
181073
020
_a
85-85672-38-2
040
_c
Magnum
100
_a
Cunha, Leo
240
1
0
_a
Lições de girafa
_l
por
245
1
0
_a
Lições de girafa
300
_a
19
362
0
_a
2000
440
1
_a
Miguilim
697
_a
LITERATURA INFANTO
942
_c
BK
999
_c
181073
_d
181073